| 000 | 00386nam a2200157Ia 4500 | ||
|---|---|---|---|
| 008 | 230312s9999||||xx |||||||||||||| ||und|| | ||
| 020 | _a0-07-024035-3 | ||
| 082 |
_a005.13 _bGOT |
||
| 100 | _aByron Gottfriet | ||
| 245 | 0 | _aProgramming With C | |
| 260 |
_bMcGraw Hill _aUSA _c1997 |
||
| 300 | _a532 | ||
| 546 | _aEng. | ||
| 650 |
_aComputer _vdata filed, input and out put |
||
| 942 | _cBK | ||
| 999 |
_c3303 _d3303 |
||